<?xml version="1.0" encoding="UTF-8"?>
<collection xmlns:xsi="http://www.w3.org/2001/XMLSchema-instance" xsi:schemaLocation="http://www.loc.gov/MARC21/slim http://www.loc.gov/standards/marcxml/schema/MARC21slim.xsd" xmlns="http://www.loc.gov/MARC21/slim">
 <record>
  <leader>00000cam a22000004i 4500</leader>
  <controlfield tag="001">UP-99796217611493227</controlfield>
  <controlfield tag="003">Buklod</controlfield>
  <controlfield tag="005">20141209160517.0</controlfield>
  <controlfield tag="006">a     r    |||| u|</controlfield>
  <controlfield tag="007">ta</controlfield>
  <controlfield tag="008">130201s2013    nyum    rb   a001 0|eng d</controlfield>
  <datafield tag="020" ind1=" " ind2=" ">
   <subfield code="a">9781107035539 (hardback)</subfield>
  </datafield>
  <datafield tag="020" ind1=" " ind2=" ">
   <subfield code="a">1107035538 (hardback)</subfield>
  </datafield>
  <datafield tag="020" ind1=" " ind2=" ">
   <subfield code="a">9781107651135 (paperback)</subfield>
  </datafield>
  <datafield tag="020" ind1=" " ind2=" ">
   <subfield code="a">1107651131 (paperback)</subfield>
  </datafield>
  <datafield tag="035" ind1=" " ind2=" ">
   <subfield code="a">(iLib)UPD-00238806511</subfield>
  </datafield>
  <datafield tag="040" ind1=" " ind2=" ">
   <subfield code="a">DLC</subfield>
   <subfield code="b">eng</subfield>
   <subfield code="e">rda</subfield>
   <subfield code="c">DLC</subfield>
   <subfield code="d">OCLCO</subfield>
   <subfield code="d">BTCTA</subfield>
   <subfield code="d">BDX</subfield>
   <subfield code="d">YDXCP</subfield>
   <subfield code="d">ZYF</subfield>
   <subfield code="d">JCU</subfield>
  </datafield>
  <datafield tag="042" ind1=" " ind2=" ">
   <subfield code="a">pcc</subfield>
  </datafield>
  <datafield tag="050" ind1="0" ind2="0">
   <subfield code="a">HX 45</subfield>
   <subfield code="b">W59 2013</subfield>
  </datafield>
  <datafield tag="245" ind1="0" ind2="0">
   <subfield code="a">Why communism did not collapse</subfield>
   <subfield code="b">understanding authoritarian regime resilience in Asia and Europe</subfield>
   <subfield code="c">edited by Martin K. Dimitrov, Tulane University.</subfield>
  </datafield>
  <datafield tag="264" ind1=" " ind2="1">
   <subfield code="a">New York</subfield>
   <subfield code="b">Cambridge University Press</subfield>
   <subfield code="c">2013.</subfield>
  </datafield>
  <datafield tag="300" ind1=" " ind2=" ">
   <subfield code="a">xiv, 375 pages</subfield>
   <subfield code="b">illustrations</subfield>
   <subfield code="c">24  cm.</subfield>
  </datafield>
  <datafield tag="336" ind1=" " ind2=" ">
   <subfield code="a">text</subfield>
   <subfield code="2">rdacontent.</subfield>
  </datafield>
  <datafield tag="337" ind1=" " ind2=" ">
   <subfield code="a">unmediated</subfield>
   <subfield code="2">rdamedia.</subfield>
  </datafield>
  <datafield tag="338" ind1=" " ind2=" ">
   <subfield code="a">volume</subfield>
   <subfield code="2">rdacarrier.</subfield>
  </datafield>
  <datafield tag="504" ind1=" " ind2=" ">
   <subfield code="a">Includes bibliographical references (pages 313-361) and index.</subfield>
  </datafield>
  <datafield tag="505" ind1="0" ind2=" ">
   <subfield code="a">Tables and figures -- List of contributors -- Acknowledgements -- Abbreviations -- Reform and resilience -- Understanding communist collapse and resilience / Martin K. Dimitrov -- Resilience and collapse in China and the Soviet Union / Thomas Bernstein -- Ideology and resilience -- Ideological erosion and the breakdown of communist regimes / Vladimir Tismaneanu -- Ideological introversion and regime survival : North Korea's &quot;our-style socialism&quot; / Charles Armstrong -- Contagion and resilience -- Bringing down dictators : waves of democratic change in communist and postcommunist Europe and Eurasia / Valerie J. Bunce and Sharon L. Wolchik -- The dynamics of contagion in the soviet bloc and the impact on regime survival / Mark Kramer -- Inclusion and resilience -- Authoritarian survival, resilience, and the selectorate theory / Mary Gallagher and Jonathan Hanson -- Cause or consequence? : private-sector development and communist resilience in China / Kellee S. Tsai -- Accountability and resilience -- Vietnam through Chinese eyes : divergent accountability in single-party regimes / Regina Abrami, Edmund Malesky, and Yu Zheng -- Vertical accountability in communist regimes: the role of citizen complaints in Bulgaria and China / Martin K. Dimitrov -- Conclusion : whither communist regime resilience / Martin K. Dimitrov.</subfield>
  </datafield>
  <datafield tag="650" ind1=" " ind2="0">
   <subfield code="a">Post-communism</subfield>
   <subfield code="z">Europe.</subfield>
  </datafield>
  <datafield tag="650" ind1=" " ind2="0">
   <subfield code="a">Post-communism</subfield>
   <subfield code="z">Asia.</subfield>
  </datafield>
  <datafield tag="651" ind1=" " ind2="0">
   <subfield code="a">Former communist countries</subfield>
   <subfield code="x">Politics and government.</subfield>
  </datafield>
  <datafield tag="700" ind1="1" ind2=" ">
   <subfield code="a">Dimitrov, Martin K.</subfield>
   <subfield code="d">1975-.</subfield>
  </datafield>
  <datafield tag="905" ind1=" " ind2=" ">
   <subfield code="a">FO</subfield>
  </datafield>
  <datafield tag="950" ind1=" " ind2=" ">
   <subfield code="a">Monograph</subfield>
  </datafield>
  <datafield tag="852" ind1="0" ind2=" ">
   <subfield code="a">UPD</subfield>
   <subfield code="b">DAC</subfield>
   <subfield code="h">HX 45</subfield>
   <subfield code="i">W59 2013</subfield>
  </datafield>
  <datafield tag="942" ind1=" " ind2=" ">
   <subfield code="a">Book</subfield>
  </datafield>
 </record>
</collection>
